[Event "OPEN D'AUBAGNE"]
[Site "SALLE LAKANAL AUBAGNE"]
[Date "2019.09.02"]
[Round "1.29"]
[White "Madi, Mohammed"]
[Black "Rocchia, Alex"]
[Result "0-1"]
[WhiteElo "1057"]
[BlackElo "1311"]
[PlyCount "108"]
[EventDate "2019.??.??"]
[WhiteTeam "Cercle d'Echecs Aubagnais"]
[BlackTeam "Cercle d'Echecs Aubagnais"]

1. d4 Nf6 2. Bf4 c5 3. Nf3 Qb6 4. Nbd2 cxd4 5. Nc4 Qb4+ 6. Bd2 Qxc4 7. e3 Qe6
8. Nxd4 Qb6 9. Rb1 d6 10. h3 g6 11. Qf3 Bg7 12. Bb5+ Bd7 13. Bc4 O-O 14. O-O
Nc6 15. Bc3 a6 16. Rfd1 Qc7 17. a3 Nxd4 18. Rxd4 Bf5 19. Bd3 Bxd3 20. Rxd3 b5
21. Rc1 a5 22. Bd2 Nd7 23. Bc3 Nc5 24. Bxg7 Kxg7 25. Rc3 Qb6 26. b4 Nd7 27. Rc6
Qd8 28. Qe4 Kg8 29. Rc3 axb4 30. axb4 e6 31. Qb7 Rb8 32. Qa6 Ne5 33. Rd1 d5 34.
e4 d4 35. Rc5 Qf6 36. Rxd4 Ra8 37. Qd6 Ra1+ 38. Rd1 Rxd1+ 39. Qxd1 Rd8 40. Qa1
Nf3+ 41. gxf3 Qxa1+ 42. Kh2 Rd1 43. Kg3 Rg1+ 44. Kf4 Qc1+ 45. Ke5 Rg5+ 46. Kd6
Qd2+ 47. Kc6 Rxc5+ 48. bxc5 Qxc2 49. Kxb5 Kf8 50. c6 Ke8 51. Kb6 Kd8 52. Kb7
Qb3+ 53. Ka8 Kc7 54. f4 Qa4# 0-1

[Event "OPEN D'AUBAGNE"]
[Site "SALLE LAKANAL AUBAGNE"]
[Date "2019.09.02"]
[Round "1.30"]
[White "Bedhouche, Rayan"]
[Black "Pegon, Claude"]
[Result "1-0"]
[WhiteElo "1293"]
[BlackElo "1053"]
[PlyCount "74"]
[EventDate "2019.??.??"]
[WhiteTeam "L'Echiquier du Roy René"]
[BlackTeam "Cassis Echecs"]

1. e4 c5 2. Nf3 d6 3. d4 cxd4 4. Nxd4 Nf6 5. Nc3 e6 6. Bg5 Be7 7. f4 h6 8. Bh4
O-O 9. Ndb5 a6 10. Nxd6 Bxd6 11. e5 Be7 12. Qxd8 Rxd8 13. exf6 Bxf6 14. Bxf6
gxf6 15. Bd3 f5 16. O-O Nc6 17. Rf3 Nd4 18. Rh3 Kh7 19. Re1 b5 20. g4 f6 21.
Ree3 Rg8 22. Reg3 Bb7 23. gxf5 exf5 24. Rh5 Rxg3+ 25. hxg3 Bc8 26. Nd5 Kg7 27.
c3 Kg6 28. g4 Kg7 29. cxd4 fxg4 30. f5 Bd7 31. Ne3 Re8 32. Nxg4 Re1+ 33. Kf2
Ra1 34. Rxh6 Rxa2 35. Rg6+ Kf7 36. Nxf6 Rxb2+ 37. Ke3 Rb3 1-0

[Event "OPEN D'AUBAGNE"]
[Site "SALLE LAKANAL AUBAGNE"]
[Date "2019.09.02"]
[Round "1.31"]
[White "Shelar, Rujuta"]
[Black "Moerenhout, Jean Claude"]
[Result "0-1"]
[WhiteElo "1048"]
[BlackElo "1293"]
[PlyCount "72"]
[EventDate "2019.??.??"]
[WhiteTeam "L'Echiquier du Roy René"]
[BlackTeam "Cercle d'Echecs Aubagnais"]

1. e4 c5 2. Nf3 d6 3. Bc4 g6 4. d3 Bg4 5. Nc3 Nf6 6. h3 Bxf3 7. Qxf3 Bg7 8. Bf4
O-O 9. O-O Nc6 10. Qe3 Nd4 11. Rac1 a6 12. a3 b5 13. Ba2 Qc7 14. Bh6 Ne6 15.
Bxg7 Nxg7 16. Nd5 Nxd5 17. Bxd5 Rab8 18. c3 c4 19. d4 e6 20. Qh6 exd5 21. exd5
Qb7 22. Qg5 Nf5 23. Rce1 Qxd5 24. f3 Qc6 25. Re4 h6 26. Qd2 d5 27. Re2 Ng3 28.
Ree1 Nxf1 29. Kxf1 Kg7 30. Qf4 Rbe8 31. Rxe8 Rxe8 32. Kg1 Qe6 33. Qc7 Qf6 34.
Qa7 Re1+ 35. Kh2 Qf4+ 36. g3 Qd2# 0-1

[Event "OPEN D'AUBAGNE"]
[Site "SALLE LAKANAL AUBAGNE"]
[Date "2019.09.02"]
[Round "1.32"]
[White "Pouliquen, Gilbert"]
[Black "Friche, Allan"]
[Result "1-0"]
[WhiteElo "1288"]
[BlackElo "1009"]
[PlyCount "51"]
[EventDate "2019.??.??"]
[WhiteTeam "Echiquier Marseillais 1872"]
[BlackTeam "La Ciotat Echecs (LCE)"]

1. d4 b6 2. Nf3 Bb7 3. Bf4 Nc6 4. g3 Nf6 5. Bg2 e6 6. O-O Bd6 7. Bxd6 cxd6 8.
Re1 Ne4 9. Nfd2 Nxd2 10. Qxd2 O-O 11. d5 exd5 12. Bxd5 Re8 13. Nc3 Re5 14. f4
Rf5 15. Ne4 Ba6 16. Nxd6 Rf6 17. Ne4 Rf5 18. Nf2 Rc8 19. e4 Rf6 20. e5 Rf5 21.
Rad1 Rh5 22. c3 Rc7 23. Bxc6 Rxc6 24. Qxd7 Qxd7 25. Rxd7 Bc8 26. Rd8# 1-0

[Event "OPEN D'AUBAGNE"]
[Site "SALLE LAKANAL AUBAGNE"]
[Date "2019.09.02"]
[Round "1.33"]
[White "Friche, Timeo"]
[Black "Morata, Serge"]
[Result "0-1"]
[WhiteElo "1009"]
[BlackElo "1286"]
[PlyCount "118"]
[EventDate "2019.??.??"]
[WhiteTeam "La Ciotat Echecs (LCE)"]
[BlackTeam "Cercle d'Echecs Aubagnais"]

1. e4 e5 2. Nf3 Nc6 3. Nc3 Bc5 4. Bc4 Nf6 5. O-O d6 6. d3 Be6 7. Bxe6 fxe6 8.
Bg5 h6 9. Bh4 g5 10. Bg3 Nh5 11. Bxe5 dxe5 12. Nxe5 Nxe5 13. Qxh5+ Nf7 14. Qg6
Qd7 15. Qg7 O-O-O 16. Rad1 Bd4 17. Qg6 Rdg8 18. Qh5 Ne5 19. g3 Qf7 20. Qe2 Qf3
21. Qxf3 Nxf3+ 22. Kg2 g4 23. Nb5 e5 24. Nxd4 Nxd4 25. c3 Nf3 26. h3 h5 27. d4
exd4 28. cxd4 Rd8 29. d5 Rhe8 30. hxg4 hxg4 31. Rfe1 Nxe1+ 32. Rxe1 c6 33. f3
cxd5 34. Rc1+ Kb8 35. Rc5 dxe4 36. fxg4 Rd2+ 37. Kh3 Rxb2 38. g5 Rh8+ 39. Kg4
e3 40. Re5 e2 41. g6 Rg8 42. Kg5 Rxa2 43. Kf6 Ra6+ 44. Kf7 Raxg6 45. Rxe2 Rxg3
46. Re3 Rxe3 47. Kxg8 Rf3 48. Kg7 Kc7 49. Kg6 Kd6 50. Kg5 Ke5 51. Kg4 Ke4 52.
Kg5 Rf4 53. Kg6 Rf5 54. Kg7 Ke5 55. Kg6 Ke6 56. Kh6 Kf6 57. Kh7 Kf7 58. Kh6 Re5
59. Kh7 Rh5# 0-1

[Event "OPEN D'AUBAGNE"]
[Site "SALLE LAKANAL AUBAGNE"]
[Date "2019.09.02"]
[Round "1.34"]
[White "Roux, Jean-Marie"]
[Black "Periale, Francine"]
[Result "1-0"]
[WhiteElo "1284"]
[BlackElo "1007"]
[PlyCount "65"]
[EventDate "2019.??.??"]
[WhiteTeam "L'Echiquier du Roy René"]
[BlackTeam "Cercle d'Echecs Aubagnais"]

1. e4 c5 2. Nf3 Nc6 3. Nc3 e5 4. Bc4 d6 5. d3 g6 6. Be3 Bg7 7. Qd2 Nd4 8. O-O-O
Nxf3 9. gxf3 b6 10. Kb1 Bb7 11. Rdg1 Qe7 12. h4 h5 13. f4 Nh6 14. fxe5 Qxe5 15.
f4 Qe7 16. Bd5 Bxc3 17. Qxc3 f6 18. Bxb7 Rb8 19. Bc6+ Kf7 20. Qc4+ Kg7 21. Bd2
Rbc8 22. Bd5 Qd7 23. Be6 Qc6 24. Bxc8 Rxc8 25. f5 b5 26. Qb3 Rb8 27. Rxg6+ Kh7
28. Rxf6 Ng4 29. Qf7+ Kh8 30. Qxh5+ Kg7 31. Qg6+ Kh8 32. Qxg4 Rg8 33. Rh6# 1-0

[Event "OPEN D'AUBAGNE"]
[Site "SALLE LAKANAL AUBAGNE"]
[Date "2019.09.02"]
[Round "1.35"]
[White "Madi, Walid"]
[Black "Labriaud, Gilles"]
[Result "0-1"]
[WhiteElo "1006"]
[BlackElo "1272"]
[PlyCount "128"]
[EventDate "2019.??.??"]
[WhiteTeam "Cercle d'Echecs Aubagnais"]
[BlackTeam "La Ciotat Echecs (LCE)"]

1. c4 e5 2. Nc3 d6 3. g3 Be7 4. Bg2 Nf6 5. Nf3 O-O 6. O-O Nc6 7. d3 Be6 8. Be3
Qd7 9. a3 Bh3 10. Rb1 Bxg2 11. Kxg2 Ng4 12. Bd2 f5 13. h3 Nf6 14. Bg5 Nh5 15.
Bxe7 Qxe7 16. Nd5 Qf7 17. g4 fxg4 18. hxg4 Nf6 19. Nxf6+ Qxf6 20. Rh1 Nd4 21.
g5 Qf5 22. Rh3 Nxf3 23. Rxf3 Qxg5+ 24. Rg3 Qf4 25. f3 Rf6 26. Kf2 Rh6 27. Qg1
g6 28. e3 Qf5 29. Qg2 Qxd3 30. Qf1 Qxf1+ 31. Rxf1 Rf8 32. Kg2 Rf5 33. Rh1 Rxh1
34. Kxh1 Kg7 35. Kg2 Kf6 36. Rh3 h5 37. e4 Rg5+ 38. Kf2 Ke6 39. Rh4 c6 40. f4
exf4 41. Rxf4 Rg4 42. Kf3 Rxf4+ 43. Kxf4 h4 44. Kg4 Ke5 45. Kxh4 Kxe4 46. Kg5
Kd4 47. Kxg6 Kxc4 48. Kf6 d5 49. Ke5 b5 50. Kf4 Kb3 51. Ke5 Kxb2 52. Kd4 a5 53.
Kc5 Kxa3 54. Kxc6 b4 55. Kxd5 b3 56. Kc5 b2 57. Kb5 b1=Q+ 58. Kxa5 Qb4+ 59. Ka6
Qc5 60. Kb7 Kb4 61. Kb8 Qe7 62. Ka8 Kb5 63. Kb8 Kb6 64. Kc8 Qc7# 0-1